000 003880000a22001570004500
001 000146
003 MACL
040 _aMACL
090 _c146
_d146
100 _aKhajuria, Ram Rattan
245 _aVoluntary Organisations And Social Service
_cRam Rattan Khajuria
260 _aVinod Publishers,
_c1995
350 _a390
650 _aGeneral Social Problems And Welfare
942 _k361
_cBook
999 _c148
_d148